[Event "1st. bi-monthly Ashmasterr cup. Under 1600 section"]
[Site "SchemingMind.com"]
[Date "2005.05.21"]
[Round "-"]
[White "Masticore99"]
[Black "Brerrabbit"]
[Result "1-0"]
[WhiteCountry "USA"]
[BlackCountry "SCO"]
[WhiteElo "1534"]
[WhiteRD "90"]
[BlackElo "1281"]
[BlackRD "62"]
[GameID "15938"]

1. e4 e5 2. Nf3 Nc6 3. Bb5 Nf6 4. d3 Nd4 5. Ba4 Bc5 6. Nxd4 exd4 7. O-O c6 8. Bg5 Be7 9. Nd2 b5 10. Bb3 d5
11. e5 Ng4 12. Bxe7 Qxe7 13. f4 Ne3 14. Qf3 Nxf1 15. Nxf1 Bf5 16. Ng3 Bd7 17. c3 dxc3 18. bxc3 O-O-O 19. d4 Qa3 20. f5 Rhe8
21. Re1 f6 22. Qf2 c5 23. dxc5 Kc7 24. Qf4 Qb2 25. e6+ Kc8 26. exd7+ Rxd7 27. Rxe8+ Rd8 28. Rxd8+ Kxd8 29. Qb8+ Kd7 30. Qxa7+ Kc8
31. Qa6+ Kc7 32. Qb6+ Kd7 33. c6+ Ke7 34. Qc5+ Kd8 35. Qxd5+ Kc7 36. Qd7+ Kb6 37. Qb7+ Kc5 38. Ne4#
1-0

[Event "1st. bi-monthly Ashmasterr cup. Under 1600 section"]
[Site "SchemingMind.com"]
[Date "2005.05.21"]
[Round "-"]
[White "Masticore99"]
[Black "jiikoo"]
[Result "1-0"]
[WhiteCountry "USA"]
[BlackCountry "FIN"]
[WhiteElo "1534"]
[WhiteRD "90"]
[BlackElo "1565"]
[BlackRD "77"]
[GameID "15939"]

1. e4 e5 2. Bc4 Nf6 3. d3 Bc5 4. Nf3 Nc6 5. O-O O-O 6. Bd2 h6 7. Nc3 d6 8. Kh1 Ng4 9. Qe2 Nxf2+ 10. Rxf2 Bxf2
11. Qxf2 Bg4 12. Qg3 Bxf3 13. Bxh6 Bxg2+ 14. Qxg2 Qf6 15. Be3 Na5 16. Nd5 Qh4 17. Bg5 Qh5 18. Nf6+ gxf6 19. Bxf6+ Qg6 20. Qxg6#
1-0

[Event "1st. bi-monthly Ashmasterr cup. Under 1600 section"]
[Site "SchemingMind.com"]
[Date "2005.05.21"]
[Round "-"]
[White "Masticore99"]
[Black "adelphi"]
[Result "0-1"]
[WhiteCountry "USA"]
[BlackCountry "USA"]
[WhiteElo "1534"]
[WhiteRD "90"]
[BlackElo "1228"]
[BlackRD "67"]
[GameID "15940"]

1. e4 c5 2. Nf3 d6 3. d4 Nf6 4. Nc3 Nc6 5. Bb5 Bd7 6. O-O g6 7. Be3 Bg7 8. Qd2 O-O 9. Bh6 a6 10. Bxg7 Kxg7
11. Bxc6 Bxc6 12. d5 Bb5 13. Nxb5 axb5 14. e5 dxe5 15. Rad1 Rxa2 16. Nxe5 Rxb2 17. f4 Qb6 18. Kh1 b4 19. f5 b3 20. Rc1 Qb5
21. fxg6 Rxc2 22. Qg5 Rxc1 23. gxf7+ Kh8 24. Ng6+ hxg6 25. Rxc1 b2 26. Qh6+ Nh7 27. Rb1 Rxf7 28. h3 Rf1+ 29. Rxf1 Qxf1+
0-1

[Event "1st. bi-monthly Ashmasterr cup. Under 1600 section"]
[Site "SchemingMind.com"]
[Date "2005.05.21"]
[Round "-"]
[White "Masticore99"]
[Black "tzid"]
[Result "1-0"]
[WhiteCountry "USA"]
[BlackCountry "USA"]
[WhiteElo "1534"]
[WhiteRD "90"]
[BlackElo "1463"]
[BlackRD "83"]
[GameID "15941"]

1. e4 e6 2. d4 d5 3. e5 c5 4. c3 Nc6 5. Nf3 a6 6. Be3 Nge7 7. Bd3 cxd4 8. cxd4 h6 9. O-O Nf5 10. Bxf5 Bb4
11. Bh3 O-O 12. Nc3 b5 13. g3 Bb7 14. Nh4 Na5 15. Qg4 Kh8 16. Qh5 Kg8 17. Bxh6 gxh6 18. Qxh6 Re8 19. f4 Bf8 20. Qg5+ Qxg5
21. fxg5 Nc6 22. Nxd5 exd5 23. Rf4 Rac8 24. Bxc8 Bxc8 25. Raf1
1-0

[Event "1st. bi-monthly Ashmasterr cup. Under 1600 section"]
[Site "SchemingMind.com"]
[Date "2005.05.21"]
[Round "-"]
[White "Masticore99"]
[Black "Ashmaster"]
[Result "1-0"]
[WhiteCountry "USA"]
[BlackCountry "IRL"]
[WhiteElo "1577"]
[WhiteRD "79"]
[BlackElo "1276"]
[BlackRD "63"]
[GameID "15942"]

1. e4 c5 2. Nf3 d6 3. d4 cxd4 4. Nxd4 Nf6 5. Nc3 g6 6. Bc4 Bg7 7. Be3 O-O 8. O-O a6 9. f4 e5 10. Nb3 b5
11. Bd5 Nxd5 12. Nxd5 Bb7 13. fxe5 Bxd5 14. exd5 Bxe5 15. c3 Qh4 16. h3 Qg3 17. Bd4 Qh2+ 18. Kf2 Bg3+ 19. Kf3 Bf4 20. Kf2 Qg3+
21. Kg1 Qh2+ 22. Kf2 Bg3+ 23. Kf3 Be5 24. Bxe5 Qxe5 25. Kf2 Qf4+ 26. Kg1 Qe3+ 27. Kh1 Qe8= 28. Nd4 Qe7= 29. Qg4 Qd7= 30. Qf4 Ra7
31. Rae1 Re8 32. Rxe8+
1-0

[Event "1st. bi-monthly Ashmasterr cup. Under 1600 section"]
[Site "SchemingMind.com"]
[Date "2005.05.22"]
[Round "-"]
[White "Tdfrantz"]
[Black "Masticore99"]
[Result "1-0"]
[WhiteCountry "CAN"]
[BlackCountry "USA"]
[WhiteElo "1583"]
[WhiteRD "72"]
[BlackElo "1534"]
[BlackRD "90"]
[GameID "15944"]

1. f4 d5 2. Nf3 Nc6 3. e3 Bg4 4. Be2 Qd6 5. h3 Bxf3 6. Bxf3 e5 7. Nc3 exf4 8. Bxd5 fxe3 9. Bxc6+ Qxc6 10. Qe2 O-O-O
11. d3 Bc5 12. O-O Re8 13. Rxf7 Qg6 14. Rf3 Qh6 15. Nd5 Nf6 16. Nxe3 Qh4 17. Qf2 Qg5 18. Bd2 Re6 19. Re1 Rhe8 20. Rg3 Qh6
21. c3 Bxe3 22. Bxe3 Qh5 23. Rxg7 Nd5 24. Rg5 Qxg5 25. Bxg5 Rxe1+ 26. Kh2 Ne3 27. Bxe3 R1xe3 28. Qf5+ Kb8 29. Qxh7 Rxd3 30. Qxd3 a5
31. Qb5 Re2 32. Qxe2
1-0

[Event "1st. bi-monthly Ashmasterr cup. Under 1600 section"]
[Site "SchemingMind.com"]
[Date "2005.05.23"]
[Round "-"]
[White "Brerrabbit"]
[Black "Masticore99"]
[Result "0-1"]
[WhiteCountry "SCO"]
[BlackCountry "USA"]
[WhiteElo "1281"]
[WhiteRD "62"]
[BlackElo "1534"]
[BlackRD "90"]
[GameID "15945"]

1. e4 c5 2. d4 cxd4 3. Qxd4 Nc6 4. Qa4 e5 5. Nf3 Nf6 6. Bc4 Qa5+ 7. Qxa5 Nxa5 8. Nxe5 Nxc4 9. Nxc4 Nxe4 10. Nc3 Nxc3
11. bxc3 Bc5 12. O-O O-O 13. Re1 d5 14. Ba3 Bxa3 15. Nxa3 Be6 16. Rab1 Rac8 17. Nb5 a6 18. Nd6 Rxc3 19. Rxb7 Rxc2 20. Reb1 Rxa2
21. Rb8 d4 22. h3 g6 23. Ne8 f5 24. Nf6+ Kg7 25. R1b7+ Rf7 26. Ne8+ Kh6 27. Rb6 Re7 28. Nf6 d3 29. Rd6 d2 30. Rb1 Kg5
31. Nxh7+ Rxh7 32. Rxe6 Rd7 33. Re2 d1=Q+ 34. Rxd1 Rxd1+ 35. Kh2 Rxe2 36. f4+ Kf6 37. h4 Rdd2 38. h5 gxh5 39. Kh1 a5 40. g4 hxg4
41. Kg1 Rd1#
0-1

[Event "1st. bi-monthly Ashmasterr cup. Under 1600 section"]
[Site "SchemingMind.com"]
[Date "2005.05.21"]
[Round "-"]
[White "jiikoo"]
[Black "Masticore99"]
[Result "1-0"]
[WhiteCountry "FIN"]
[BlackCountry "USA"]
[WhiteElo "1565"]
[WhiteRD "77"]
[BlackElo "1534"]
[BlackRD "90"]
[GameID "15946"]

1. e4 e5 2. Nf3 Nc6 3. Bc4 Bc5 4. d3 d6 5. h3 Qe7 6. Nc3 Be6 7. Bxe6 Qxe6 8. Nd5 O-O-O 9. O-O Nf6 10. Nxf6 Qxf6
11. Bg5 Qg6 12. Bxd8 Kxd8 13. c3 Rf8 14. a4 f5 15. exf5 Rxf5 16. Nh4 Rxf2 17. Rxf2 Bxf2+ 18. Kxf2 Qf6+ 19. Nf3 d5 20. Kg1 Kc8
21. b4 e4 22. dxe4 dxe4 23. Nd4 g5 24. Nxc6 Qxc6 25. Qd4 h5 26. Rd1 Qd6 27. Qh8+
1-0

[Event "1st. bi-monthly Ashmasterr cup. Under 1600 section"]
[Site "SchemingMind.com"]
[Date "2005.05.21"]
[Round "-"]
[White "tzid"]
[Black "Masticore99"]
[Result "0-1"]
[WhiteCountry "USA"]
[BlackCountry "USA"]
[WhiteElo "1463"]
[WhiteRD "83"]
[BlackElo "1534"]
[BlackRD "90"]
[GameID "15948"]

1. f4 d5 2. Nf3 c5 3. e3 Nc6 4. b3 Nf6 5. Bb2 e6 6. Be2 Qa5 7. O-O Be7 8. c4 O-O 9. Na3 Qc7 10. Nc2 Nd7
11. cxd5 exd5 12. Na3 Bf6 13. Bxf6 Nxf6 14. Rc1 b6 15. Nc2 Bf5 16. Ncd4 cxd4 17. Nxd4 Bd7 18. Nxc6 Bxc6 19. Bb5 Qe7 20. Rxc6 Ne4
21. Qe2 Qb4 22. Rd1 Rac8 23. Qd3 Nf6 24. Rdc1 Rxc6 25. Rxc6 Qe7
0-1

[Event "1st. bi-monthly Ashmasterr cup. Under 1600 section"]
[Site "SchemingMind.com"]
[Date "2005.05.21"]
[Round "-"]
[White "Ashmaster"]
[Black "Masticore99"]
[Result "0-1"]
[WhiteCountry "IRL"]
[BlackCountry "USA"]
[WhiteElo "1276"]
[WhiteRD "63"]
[BlackElo "1577"]
[BlackRD "79"]
[GameID "15949"]

1. d4 Nf6 2. c4 d6 3. Nc3 g6 4. e4 Bg7 5. Be3 O-O 6. Qd2 b6 7. f4 Bb7 8. e5 dxe5 9. fxe5 Ne4 10. Nxe4 Bxe4
11. Nf3 Nd7 12. Bd3 Bb7 13. Qc3 c5 14. d5 Re8 15. Bf4 Qc7 16. O-O Bxd5 17. cxd5 Rad8 18. Rad1 e6 19. d6 Qxd6 20. exd6 Bxc3
21. bxc3 Nf6 22. Be5 Nd5 23. c4 Ne3 24. Rde1 Nxf1 25. Kxf1 Rd7 26. Ng5 Rb8 27. Ke2 a6 28. Rf1 Rf8 29. g4 h6 30. Nh3 f6
31. Bg3 Kg7
0-1

[Event "1st. bi-monthly Ashmasterr cup. Under 1600 section"]
[Site "SchemingMind.com"]
[Date "2005.05.25"]
[Round "-"]
[White "Ron"]
[Black "Brerrabbit"]
[Result "0-1"]
[WhiteCountry "ENG"]
[BlackCountry "SCO"]
[WhiteElo "973"]
[WhiteRD "79"]
[BlackElo "1281"]
[BlackRD "62"]
[GameID "16280"]

1. e4 e5 2. Nf3 Nc6 3. d3 Nf6 4. Nc3 Bc5 5. Ng5 d5 6. f4 Bg4 7. Be2 d4 8. Nf3 exf4 9. e5 Nd5 10. Nxd5 Qxd5
0-1

[Event "1st. bi-monthly Ashmasterr cup. Under 1600 section"]
[Site "SchemingMind.com"]
[Date "2005.05.25"]
[Round "-"]
[White "Ron"]
[Black "jiikoo"]
[Result "0-1"]
[WhiteCountry "ENG"]
[BlackCountry "FIN"]
[WhiteElo "973"]
[WhiteRD "79"]
[BlackElo "1565"]
[BlackRD "77"]
[GameID "16281"]

1. e4 e5 2. f3 Nf6 3. Nc3 Bc5 4. Bc4 Nc6 5. Nge2 O-O 6. Nd5 Nd4 7. Nxd4 Bxd4 8. d3 c6 9. Nb4 a5 10. c3 Ba7
11. Nc2 b5 12. Bxf7+ Rxf7 13. Na3 Qb6 14. Nc2 Qf2#
0-1

[Event "1st. bi-monthly Ashmasterr cup. Under 1600 section"]
[Site "SchemingMind.com"]
[Date "2005.05.25"]
[Round "-"]
[White "Ron"]
[Black "Ashmaster"]
[Result "0-1"]
[WhiteCountry "ENG"]
[BlackCountry "IRL"]
[WhiteElo "973"]
[WhiteRD "79"]
[BlackElo "1432"]
[BlackRD "65"]
[GameID "16285"]

1. e4 c5 2. Bc4 Nf6 3. Nc3 e6 4. Nf3 d5 5. exd5 exd5 6. Bb5+ Bd7 7. O-O a6 8. Re1+ Be7 9. Bxd7+ Qxd7 10. Ne5 Qd6
11. Nd3 O-O 12. Rxe7 Qxe7
0-1

[Event "1st. bi-monthly Ashmasterr cup. Under 1600 section"]
[Site "SchemingMind.com"]
[Date "2005.05.24"]
[Round "-"]
[White "Tdfrantz"]
[Black "Ron"]
[Result "1-0"]
[WhiteCountry "CAN"]
[BlackCountry "ENG"]
[WhiteElo "1583"]
[WhiteRD "72"]
[BlackElo "973"]
[BlackRD "79"]
[GameID "16288"]

1. Nf3 d5 2. c4 Bf5 3. cxd5 Be4 4. Nc3 Bxd5 5. e3 Bxf3 6. Qxf3 Qd6 7. Qxb7 Nd7 8. Qxa8+ Nb8 9. Qxb8+ Qd8 10. Bb5+ c6
11. Bxc6#
1-0

[Event "1st. bi-monthly Ashmasterr cup. Under 1600 section"]
[Site "SchemingMind.com"]
[Date "2005.05.24"]
[Round "-"]
[White "Brerrabbit"]
[Black "Ron"]
[Result "1-0"]
[WhiteCountry "SCO"]
[BlackCountry "ENG"]
[WhiteElo "1281"]
[WhiteRD "62"]
[BlackElo "973"]
[BlackRD "79"]
[GameID "16289"]

1. e4 e5 2. Nf3 Nc6 3. Nc3 Nf6 4. Nxe5 Nxe5 5. d4 Nc4 6. Bxc4 Bb4 7. O-O Qe7 8. Bg5 Bxc3 9. e5 h6 10. bxc3 Nh5
11. Qxh5 Qxg5 12. Qxf7+
1-0

[Event "1st. bi-monthly Ashmasterr cup. Under 1600 section"]
[Site "SchemingMind.com"]
[Date "2005.05.26"]
[Round "-"]
[White "Ashmaster"]
[Black "Ron"]
[Result "1-0"]
[WhiteCountry "IRL"]
[BlackCountry "ENG"]
[WhiteElo "1432"]
[WhiteRD "65"]
[BlackElo "973"]
[BlackRD "79"]
[GameID "16294"]

1. d4 e6 2. e4 d5 3. e5 f5 4. Nf3 Ne7 5. Bd3 Nbc6 6. O-O Ng6 7. Bg5 Be7 8. Bxe7 Qxe7 9. Qd2 Ncxe5 10. Nxe5 Nxe5
11. dxe5
1-0